Science - Physics | 0 | 7 | 0 | 0 | 70 | 53 | 78.86 | 0 | 2 |
Literature - World and Miscellaneous | 1 | 3 | 0 | 0 | 45 | 60 | 102.50 | 0 | 0 |
Literature - British | 1 | 1 | 0 | 0 | 25 | 37 | 80.50 | 1 | 1 |
RMP - World Mythology | 1 | 1 | 0 | 0 | 25 | 75 | 91.00 | 0 | 0 |
Literature - American | 0 | 2 | 0 | 0 | 20 | 89 | 94.00 | 0 | 0 |
Science - Biology | 0 | 2 | 0 | 0 | 20 | 94 | 102.50 | 0 | 0 |
Science - Computer Science | 0 | 2 | 0 | 0 | 20 | 59 | 87.50 | 0 | 0 |
Geography - Europe | 1 | 0 | 0 | 0 | 15 | 37 | 37.00 | 0 | 0 |
History - European | 1 | 0 | 0 | 0 | 15 | 47 | 47.00 | 0 | 1 |
RMP - Christian Practice | 1 | 0 | 0 | 0 | 15 | 44 | 44.00 | 0 | 0 |
Social Science - Linguistics | 1 | 0 | 0 | 0 | 15 | 39 | 39.00 | 0 | 0 |
Fine Arts - Music | 0 | 1 | 0 | 0 | 10 | 109 | 109.00 | 0 | 0 |
Fine Arts - Painting | 0 | 1 | 0 | 0 | 10 | 134 | 134.00 | 0 | 0 |
Literature - European | 0 | 1 | 0 | 0 | 10 | 99 | 99.00 | 0 | 0 |
Other - Other Academic and General Knowledge | 0 | 1 | 0 | 0 | 10 | 124 | 124.00 | 0 | 0 |
RMP - Greco-Roman Mythology | 0 | 1 | 0 | 0 | 10 | 72 | 72.00 | 0 | 0 |
Science - Astronomy | 0 | 1 | 0 | 0 | 10 | 90 | 90.00 | 0 | 0 |
Science - Chemistry | 0 | 1 | 0 | 0 | 10 | 81 | 81.00 | 0 | 0 |
Science - Engineering and Miscellaneous | 0 | 0 | 0 | 0 | 0 | | 0.00 | 0 | 0 |
Science - Math | 0 | 0 | 0 | 0 | 0 | | 0.00 | 0 | 0 |
Science - Earth | 0 | 0 | 0 | 0 | 0 | | 0.00 | 0 | 0 |
RMP - Hinduism | 0 | 0 | 0 | 0 | 0 | | 0.00 | 0 | 0 |